The Weeknd Trivia: lvl Superfan - Statistics

General Stats
  • This quiz has been taken 52 times
  • The average score is 5 of 12
Answer Stats
Hint Answer % Correct
Unreleased album that The Weeknd created in APProx. 2009 The Noise
88%
The Weeknd's middle name Makkonen
68%
Song accused of homphobic lyrics Lost in the Fire
63%
The Weeknd's forMEr alias Kin Kane
46%
City that The Weeknd was born in Scarborough
46%
Interlude that The Weeknd never released and was meant fOr Thursday The Birds Interlude
41%
The Weeknd's Youtube username when he uploaded "What You Need" and other songs xoxxxoooxo
20%
The hidden song Appointment
17%
Hip hop duo that The Weeknd joiNed in 2009 (CorrecT spelling required) Bulleez n Nerdz
17%
And the artist that created The song above Portishead
17%
Song whose drums were sampled IN Belong to the World Machine Gun
15%
The very first song that The Weeknd creted in 2007 Get in There
12%
No matching quizzes found
Score Distribution
Percent of People with Each Score
Percentile by Number Answered
Your Score History
You have not taken this quiz